Liukuvia valtioiden muotoja - Statistics

Yleistilastot
  • Tätä visaa on pelattu 476 kertaa
  • Keskiarvotulos 7 / 12
Vastaustilastot
Vastaus % Oikein
Mali
80%
Laos
76%
Saudi-Arabia
72%
Sveitsi
72%
Romania
68%
Sudan
63%
Oman
53%
Pohjois-Korea
53%
Taiwan
50%
Afganistan
49%
Nigeria
47%
Kuwait
31%
Ehtoja vastaavia visoja ei löytynyt
Tulosjakauma
Jokaisen tuloksen saaneiden osuus
Persentiili vastausten määrän mukaan
Tuloshistoriasi
Et ole pelannut tätä visaa